Television And Video Engineering (Record no. 334531)
[ view plain ]
| 000 -LEADER | |
|---|---|
| fixed length control field | 00440nam a2200169Ia 4500 |
| 008 - FIXED-LENGTH DATA ELEMENTS--GENERAL INFORMATION | |
| fixed length control field | 230718s9999 xx 000 0 und d |
| 041 ## - LANGUAGE CODE | |
| Language code of text/sound track or separate title | eng |
| 082 ## - DEWEY DECIMAL CLASSIFICATION NUMBER | |
| Classification number | 621.388 |
| Item number | DHA |
| 100 ## - MAIN ENTRY--PERSONAL NAME | |
| Personal name | Dhake A.M. |
| 245 ## - TITLE STATEMENT | |
| Title | Television And Video Engineering |
| 250 ## - EDITION STATEMENT | |
| Edition statement | 2nd ed. |
| 260 ## - PUBLICATION, DISTRIBUTION, ETC. (IMPRINT) | |
| Date of publication, distribution, etc. | 2011 |
| Name of publisher, distributor, etc. | Tata McGraw Hill |
| 300 ## - PHYSICAL DESCRIPTION | |
| Extent | 646 |
| 365 ## - TRADE PRICE | |
| Currency code | Rs. |
| Price amount | 500.00 |
| 700 ## - ADDED ENTRY--PERSONAL NAME | |
| Personal name | Dhake A.M. |
| 906 ## - LOCAL DATA ELEMENT F, LDF (RLIN) | |
| d | O:0361103-Jan-2014B:IN 230130-Dec-2013 |
| c | ETC |
| b | 1725 |
| Withdrawn status | Lost status | Damaged status | Not for loan | Home library | Current library | Date acquired | Vendor | Budget Code | Cost, normal purchase price | Bill number | Total Checkouts | Full call number | Barcode | Date last seen | Discount | Cost, replacement price | Bill Date | Koha item type | Original Barcode |
|---|---|---|---|---|---|---|---|---|---|---|---|---|---|---|---|---|---|---|---|
| Cummins College of Engineering for Women Pune | Cummins College of Engineering for Women Pune | 03/01/2014 | Pradeep Book Distributors | ETC | 385.00 | IN 2301 | 621.388 | CCEP-BK-45738 | 18/07/2023 | 1725 | 500.00 | 30/12/2013 | Books | 045738 |